000 00663nam a22001817a 4500
999 _c17553
_d17553
003 AR-CdUCM
008 190509b ||||| |||| 00| 0 spa d
040 _aMUNICIPALIDAD PROVINCIAL DEL CUSCO
_cBIBLIOTECA MUNICIPAL DEL CUSCO
082 _a896 /
_bAM54
100 _aAmich Bert, Julian
_937634
245 _aMujeres celebres /
260 _aMéxico, D.F. :
_bNacional,
_c1967.
300 _a219 páginas ;
_c17 cm.
505 _aContenido: Cleopatra -- Teodora -- Juana de Arco -- Santa Teresa de Jesús -- María Estuardo -- Catalina de Erauso -- Cristina de Suecia...
650 _aMujeres celebres
_916372
942 _2ddc
_cLIBROS
945 _aacv
_d2019-05-09